LEADER 00572nab a2200145 i 4500 001 000000271747 003 CaOOAMICUS 005 20090923000000.0 008 090923n xx uu u0 0und r 013 $a19092 040 $aSeMil$bita 245 13$aIl turismo celebra la diversità. - 16 p. - Titolo principale dalla prima pagina. 500 $a20 settembre 2009. 773 0 $t[2009 : Luglio-Dicembre].$dBologna : Centro Editoriale Dehoniano, 2009.$w()180547 996 $6245$aIl turismo celebra la diversità. - 16 p. - Titolo principale dalla prima pagina.$9(OLS)http://semarc/title/360034 LEADER 00520nam a2200169 i 4500 001 000000208730 003 CaOOAMICUS 005 20111125000000.0 008 111125s1939 it u000 u ita u 013 $a187518 040 $aSeMil$bita 245 10$a1. 300 $a479 p., [32] c. di tav. 773 0 $aYoung, George Frederic$tMedici.$dFirenze : Salani, 1939.$w()25887 850 $aSeMil 852 $aSeMil$W1$xVenegono$y1$m3T I 220$j159184$B159184$CSeMilBibl$Z2$F170249 $81 996 $6245$a1$9(OLS)http://semarc/title/6508